Guess the OG Ninjago character by picture - Statistics

General Stats
  • This quiz has been taken 82 times
  • The average score is 15 of 24
Answer Stats
Picture Answer % Correct
Lloyd
89%
Morro
84%
Ronin
80%
Skales
78%
Nadakhan
75%
P.I.X.A.L.
75%
Dareth
73%
Skylor
73%
Misako
70%
Captain Soto
66%
Sensei Yang
66%
Mystake
64%
Cyrus Borg
63%
Karlof
58%
Neuro
58%
Krux
56%
Clouse
55%
Ed
55%
Cryptor
48%
General Kozu
47%
Bansha
44%
Clancee
38%
Kruncha
38%
Machia
34%
No matching quizzes found
Score Distribution
Percent of People with Each Score
Percentile by Number Answered
Your Score History
You have not taken this quiz